00410nam a2200121 a 450000100100000000500170001000800410002704000250006811000510009324500260014426000740017030000440024400003192120220823125740.0110405s1996 dr acd 000 0 spa d aDO-SdBNPbspacBNPHU2 aBanco de Reservas de la República Dominicana10aInforme anual 1996 /. cSanto Domingo :bBanco de Reservas,c[1996].fEditora Amigo del Hogar a59 p. :bil., gráf., retrs. ;c28 cm.